000 00341nam a2200145 a 4500
008 980122s1960||||xx 0 und c
040 _aSNK
_bslo
_cSNK
_eAACR2
100 1 _aEckermann, J. P.
245 1 0 _aRozhovory s Goethem
260 _aBratislava
_bSVKL
_c1960
300 _a709 s.
020 _c44,50
041 _aslo
044 _axo
_cSK
999 _c15128
_d15128